000 00294nam a22001337a 4500
008 170830b xxu||||| |||| 00| 0 eng d
020 _ahallmed0207
041 _aeng
080 _a070
100 _a39
101 _aMED
245 _aMEDIA RELATIONS IN SPORT
_cHALL.A
942 _2udc
_cBK
999 _c25510
_d25510